000
00305nam a22001457a 4500
008
221109b ||||| |||| 00| 0 eng d
020
_a
2900803283809
041
_a
eng
080
_a
94
082
_a
94 NES
100
_a
28
101
_a
HIS
245
_a
THE WALLEYE WAR
_c
NESPER L
942
_2
udc
_c
BK
999
_c
58828
_d
58828